00822nam a22002297a 450000500170000001000150001702000260003202000230005803500130008103700130009408200120010710000240011924500570014326000450020027000640024530000260030949000370033550000500037294200260042299900170044895201270046520140626112835.0 aENG-110342 a9780198098577c295.00 a019809857xc295.00 aEN-93874 bDBAD/PUB a324.254 aChakrabarty, Bidyut aCoalition politics in India /cby Bidyut Chakrabarty aNew DelhibOxford University Pressc2014 aYMCA Library Building, 1 Jai Singh Road bNew Delhie110001 axxix,213p.c22cm(pbk) aOxford India short introductions aIncludes bibliographical references and index 2ddccENmCHAh324.254 c85147d85147 001040718NFICaDBADbDBADd2014-06-16eENG-110342g295.00l0o324.254 CHApEN-93874r2014-06-16 00:00:00t1v295.00yEN